000 00415nam a2200181Ia 4500
005 20250423094624.0
008 250422s9999 xx 000 0 und d
020 _a970-7394-9663-3
050 _aPS3554.09346.B74
100 _aMichael Downing
245 0 _aBreakfast With Scot
260 _aCalifornia
260 _bCounterpoint
260 _c1999
300 _a194 p
650 _aLiterature
942 _cBK
999 _c27799
_d27799